| 000 -LEADER |
| fixed length control field |
00342 a2200133 4500 |
| 005 - DATE AND TIME OF LATEST TRANSACTION |
| control field |
20231223125915.0 |
| 008 - FIXED-LENGTH DATA ELEMENTS--GENERAL INFORMATION |
| fixed length control field |
231223b ||||| |||| 00| 0 eng d |
| 020 ## - INTERNATIONAL STANDARD BOOK NUMBER |
| International Standard Book Number |
9788862423489 |
| 082 ## - DEWEY DECIMAL CLASSIFICATION NUMBER |
| Classification number |
720 |
| 100 ## - MAIN ENTRY--PERSONAL NAME |
| Personal name |
GIOVANNI CORBELLINI |
| 245 ## - TITLE STATEMENT |
| Title |
Viceversa: Black Conversations |
| 260 ## - PUBLICATION, DISTRIBUTION, ETC. (IMPRINT) |
| Name of publisher, distributor, etc |
LetteraVentidue Edizioni srl |
| Date of publication, distribution, etc |
2019 |
| 942 ## - ADDED ENTRY ELEMENTS (KOHA) |
| Source of classification or shelving scheme |
|